Viêm khớp và phương pháp chữa trị

Guardado en:
Detalles Bibliográficos
Formato: Libro
Lenguaje:Undetermined
Publicado: Tp. HCM Thanh Niên 2001
Materias:
Etiquetas: Agregar Etiqueta
Sin Etiquetas, Sea el primero en etiquetar este registro!
Thư viện lưu trữ: Trung tâm Học liệu Trường Đại học Cần Thơ
LEADER 00505nam a2200181Ia 4500
001 CTU_51973
008 210402s9999 xx 000 0 und d
020 |b 32000 
082 |a 616.722 
082 |b V304 
245 0 |a Viêm khớp và phương pháp chữa trị 
245 0 |c Biên dịch Nguiyễn Văn Khi 
260 |a Tp. HCM 
260 |b Thanh Niên 
260 |c 2001 
650 |a joints,arthritis 
650 |x diseases 
980 |a Trung tâm Học liệu Trường Đại học Cần Thơ